Wszystkie sołectwa/dzielnice powiatu rybnickiego - Statystyki

Ogólne statystyki
  • Ten quiz został rozwiązany 20 razy
  • Średni wynik to 18 z 29
Statystyki odpowiedzi
Gmina Sołectwo % Poprawnych
Gaszowice Gaszowice
94%
Czerwionka-Leszczyny Czerwionka
88%
Czerwionka-Leszczyny Leszczyny
88%
Jejkowice Jejkowice
82%
Świerklany Jankowice
76%
Lyski Lyski
76%
Czerwionka-Leszczyny Bełk
71%
Czerwionka-Leszczyny Czuchów
71%
Czerwionka-Leszczyny Przegędza
71%
Gaszowice Szczerbice
71%
Gaszowice Łuków Śląski
65%
Lyski Nowa Wieś
65%
Gaszowice Piece
65%
Lyski Pstrążna
65%
Czerwionka-Leszczyny Stanowice
65%
Gaszowice Czernica
59%
Czerwionka-Leszczyny Palowice
59%
Lyski Raszczyce
59%
Lyski Sumina
59%
Świerklany Świerklany Dolne
59%
Świerklany Świerklany Górne
59%
Czerwionka-Leszczyny Szczejkowice
59%
Lyski Zwonowice
59%
Lyski Adamowice
53%
Lyski Bogunice
53%
Czerwionka-Leszczyny Książenice
53%
Lyski Żytna
41%
Lyski Dzimierz
35%
Czerwionka-Leszczyny Dębińsko
12%
Nie znaleziono quizów pasujących do podanych kryteriów
Rozkład punktacji
Procent ludzi z każdym wynikiem
Percentyl według liczby udzielonych odpowiedzi
Twoja historia wyników
Nie rozwiązałeś tego quizu